[Event "Campo Grande op 5th"]
[Site "Campo Grande"]
[Date "2019.12.01"]
[Round "6"]
[White "Cella, Glaucio Dalla Cortt"]
[Black "De Morais, Luis Gustavo Lima"]
[Result "1-0"]
[WhiteElo "1971"]
[BlackElo "1500"]
[PlyCount "38"]
[EventDate "2019.11.28"]
[EventType "swiss"]
[EventRounds "6"]
[EventCountry "BRA"]
[SourceTitle "CBM 193 Extra"]
[Source "ChessBase"]
[SourceDate "2020.01.31"]
[SourceVersion "1"]
[SourceVersionDate "2020.01.31"]
[SourceQuality "1"]

1. e4 Nf6 2. Nc3 e5 3. f4 Bb4 4. fxe5 Bxc3 5. dxc3 Nxe4 6. Nf3 0-0 7. Qd5 Nxc3 8. bxc3 c6 9. Qd3 f6 10. exf6 Qxf6 11. Be2 h6 12. 0-0 d5 13. Ba3 Re8 14. Nd4 Qg5 15. Qf3 Qe3+ 16. Qxe3 Rxe3 17. Rf8+ Kh7 18. Bd3+ g6 19. Rxc8 a6 1-0

[Event "Corumba Nunes de Caceres Memorial"]
[Site "Corumba"]
[Date "2015.10.17"]
[Round "3.5"]
[White "De Morais, Luis Gustavo Lima"]
[Black "Toledo Jorge, Joao Gabriel F"]
[Result "1-0"]
[WhiteElo "1764"]
[BlackElo "1800"]
[PlyCount "29"]
[EventDate "2015.10.16"]
[EventType "tourn"]
[EventRounds "11"]
[EventCountry "BRA"]
[SourceTitle "EXT 2022"]
[Source "ChessBase"]
[SourceDate "2021.10.06"]
[SourceVersion "1"]
[SourceVersionDate "2021.10.06"]
[SourceQuality "1"]

1. e4 e5 2. Nf3 Nc6 3. Bc4 Bc5 4. 0-0 Nf6 5. d3 0-0 6. Bg5 d6 7. Nc3 Bg4 8. Nd5 h6 9. Nxf6+ gxf6 10. Bxh6 Nd4 11. c3 Nxf3+ 12. gxf3 Bh3 13. Kh1 Bxf1 14. Qxf1 Re8 15. Qg2+ 1-0

[Event "Corumba Nunes de Caceres Memorial"]
[Site "Corumba"]
[Date "2015.10.17"]
[Round "4.3"]
[White "Marinho, Felipe Clemente"]
[Black "De Morais, Luis Gustavo Lima"]
[Result "0-1"]
[WhiteElo "1800"]
[BlackElo "1764"]
[PlyCount "36"]
[EventDate "2015.10.16"]
[EventType "tourn"]
[EventRounds "11"]
[EventCountry "BRA"]
[SourceTitle "EXT 2022"]
[Source "ChessBase"]
[SourceDate "2021.10.06"]
[SourceVersion "1"]
[SourceVersionDate "2021.10.06"]
[SourceQuality "1"]

1. e4 e5 2. Nf3 Nc6 3. Bc4 Bc5 4. 0-0 Nf6 5. Nc3 0-0 6. d3 a6 7. Bg5 h6 8. Bh4 b5 9. Bd5 Bb7 10. a3 d6 11. b4 Bd4 12. Nxd4 exd4 13. Ne2 g5 14. Bg3 Nxd5 15. exd5 Ne5 16. Bxe5 dxe5 17. Qd2 Qxd5 18. Ng3 Qxg2# 0-1